000 00395nam a2200169Ia 4500
003 Ost
005 20260225132554.0
008 260225s9999||||xx |||||||||||||| ||und||
020 _a2707137561
040 _cfsic
041 _afre
082 _a440
100 _aAgés Yves
_eAuteur
245 0 _aManuel de journalisme :
245 0 _bécrire pour le journal /
_cAgés Yves
942 _cكتاب
999 _c34352
_d34352